[Event "Hector S Nazzari Memorial 2019"]
[Site "Montevideo"]
[Date "2019.10.19"]
[Round "6.8"]
[White "Gomez Troccoli, Martin"]
[Black "Bustelo, Tabare"]
[Result "1-0"]
[WhiteElo "1961"]
[BlackElo "2054"]
[Annotator "NA RC"]
[PlyCount "91"]
[EventDate "2019.10.14"]
[EventType "swiss"]
[EventCountry "URU"]
[SourceTitle "playchess.com"]
[Source "ChessBase"]
[SourceQuality "1"]
[TimeControl "5400+30"]

{[%evp 29,86,8,14,12,19,20,7,5,16,17,32767,32767,14,6,25,-25,-5,-10,-10,32767,-52,32767,-68,-82,-41,-55,-10,-17,0,0,0,-5,-2,32767,32767,-42,55,104,86,100,32767,32767,32767,32767,32767,32767,32767,32767,32767,32767,32767,618,621,687,984,997,840,1715,4132]} 1. e4 {[%emt 0:00:00]} c5 {[%emt 0:01:45]} 2. Nf3 {[%emt 0:00:00]} Nf6 {[%emt 0:00:12]} 3. Nc3 {[%emt 0:00:00]} d5 {[%emt 0:02:39]} 4. e5 {[%emt 0:12:55]} d4 {[%emt 0:00:24]} 5. exf6 {[%emt 0:01:18]} dxc3 {[%emt 0:00:07]} 6. fxg7 {[%emt 0:02:48]} cxd2+ {[%emt 0:05:15]} 7. Qxd2 {[%emt 0:01:11]} Qxd2+ {[%emt 0:00:13]} 8. Bxd2 {[%emt 0:00:07]} Bxg7 {[%emt 0:00:07]} 9. O-O-O {[%emt 0:00:45]} Nc6 {[%emt 0:08:57] B02: Alekhine's Defence: Chase Variation and lines with early Nc3} (9... O-O 10. Bg5 Nc6 11. Bb5 Rb8 12. Bf4 e5 13. Bxc6 exf4 14. Bd7 b5 15. Bxc8 Rbxc8 16. c3 a5 17. Kc2 a4 {0-1 (30) Von Herman,U (2400)-Richter,M (2439) Berlin 2003}) 10. Bd3 $146 {[%emt 0:10:55]} ({Predecessor:} 10. Be3 b6 11. Bb5 Bb7 12. Bg5 a6 13. Bc4 Nd4 14. Nxd4 cxd4 15. Rhe1 e6 16. Bxe6 fxe6 17. Rxe6+ {0-1 (42) Georgiev,S-Okov,M (1978) Sofia 2013}) 10... Bg4 {[%emt 0:06:35]} 11. Rde1 {[%emt 0:02:03]} Bxf3 {[%emt 0:12:20]} 12. gxf3 {[%emt 0:00:05]} e6 {[%emt 0:09:44]} 13. Rhg1 {[%emt 0:04:40]} Bf6 {[%emt 0:00:57]} 14. Rg4 {[%emt 0:15:38]} a6 {[%emt 0:09:31]} 15. f4 {[%emt 0:09:05]} O-O-O {[%emt 0:02:51]} 16. Bc3 {[%emt 0:05:13]} Bxc3 {[%emt 0:02:21]} 17. bxc3 {[%emt 0:00:20]} Rdg8 {[%emt 0:04:26]} 18. Reg1 {[%emt 0:00:17]} Rxg4 {[%emt 0:00:52]} 19. Rxg4 {[%emt 0:00:05]} h6 {[%emt 0:00:31]} 20. Rg7 {[%emt 0:03:58]} Nd8 {[%emt 0:02:19]} 21. f5 {[%emt 0:02:21]} Kd7 {[%emt 0:00:13]} 22. f6 {[%emt 0:00:50]} Kd6 {[%emt 0:02:36]} 23. f4 {[%emt 0:07:31]} h5 {[%emt 0:02:51]} 24. f5 {[%emt 0:06:45]} exf5 {[%emt 0:02:23]} 25. Rg5 {[%emt 0:00:54]} f4 {[%emt 0:00:34]} 26. a4 {[%emt 0:00:38]} Rh6 {[%emt 0:02:07]} 27. Rf5 {[%emt 0:00:12]} Ke6 {[%emt 0:07:21]} 28. Rxc5 {[%emt 0:00:19]} Kxf6 {[%emt 0:03:01]} 29. Rf5+ {[%emt 0:00:07]} Ke7 {[%emt 0:01:38]} 30. h4 {[%emt 0:00:16]} Rf6 {[%emt 0:01:12]} 31. Rxh5 {[%emt 0:00:07]} f3 {[%emt 0:00:04]} 32. Rf5 {[%emt 0:02:10]} f2 $2 {[%emt 0:04:25]} ({Better is} 32... Rxf5 $17 33. Bxf5 f2) 33. Rxf6 {[%emt 0:00:18]} Kxf6 {[%emt 0:00:03]} 34. Kd2 {[%emt 0:00:08]} f1=Q {[%emt 0:01:21]} 35. Bxf1 {[%emt 0:00:04]} Kf5 {[%emt 0:00:14]} 36. Be2 {[%emt 0:01:30]} a5 {[%emt 0:00:36]} 37. Kd3 {[%emt 0:01:11]} Ne6 {[%emt 0:01:46]} 38. Kc4 {[%emt 0:00:18]} b6 {[%emt 0:00:05]} 39. Kb5 {[%emt 0:01:33]} Nc5 {[%emt 0:00:02]} 40. Bh5 {[%emt 0:00:54]} Ke6 {[%emt 0:01:06]} 41. c4 {[%emt 0:00:41]} f5 $18 {[%emt 0:00:04]} 42. Bf3 {[%emt 0:03:11]} f4 {[%emt 0:01:36]} 43. Kxb6 {[%emt 0:00:33]} Nxa4+ {[%emt 0:00:07]} 44. Kxa5 {[%emt 0:00:25]} Nc5 {[%emt 0:00:10]} 45. Kb4 {[%emt 0:01:28]} Kd6 {[%emt 0:00:23]} 46. h5 {[%emt 0:00:15]} 1-0

[Event "Hector S Nazzari Memorial 2019"]
[Site "Montevideo"]
[Date "2019.10.19"]
[Round "6.9"]
[White "Rodriguez Farias, Eduardo"]
[Black "Lopez Falcon, Jorge"]
[Result "0-1"]
[WhiteElo "1931"]
[BlackElo "2166"]
[Annotator "TA"]
[PlyCount "91"]
[EventDate "2019.10.14"]
[EventType "swiss"]
[EventCountry "URU"]
[SourceTitle "playchess.com"]
[Source "ChessBase"]
[SourceQuality "1"]

{[%evp 15,91,-27,-26,-25,-8,-24,-24,-18,0,-24,-23,-23,-6,-58,-57,-71,-40,-53,-26,-50,-17,-98,-25,-123,-70,-58,48,45,45,45,59,37,41,29,38,33,81,88,99,20,22,15,6,-13,-9,-450,-124,-142,-131,-139,-61,-181,-145,-660,-689,-689,-649,-643,-652,-633,-638,-798,-660,-938,-898,-956,-862,-851,-823,-1086,-1001,-1018,-1041,-1059,-1057,-979,-963,-29986]} 1. e4 c5 2. Nf3 d6 3. c3 Nf6 4. Be2 g6 5. O-O Bg7 6. Re1 O-O 7. Bf1 Nc6 8. h3 e5 9. Bb5 {B50: Sicilian: 2...d6, Miscellaneous} (9. d3 h6 10. a3 d5 11. Nbd2 a5 12. a4 Re8 13. exd5 Nxd5 14. Nc4 b6 15. Qb3 Ra7 16. Bd2 Rae7 17. Rad1 Kh7 18. g3 {1-0 (73) Sedlak,N (2571)-Ivanisevic,I (2614) Belgrade 2009}) 9... Bd7 10. d3 a6 $146 ({Predecessor:} 10... h6 11. Be3 a6 12. Ba4 Qe7 13. c4 Ne8 14. Nc3 f5 15. Nd5 Qf7 16. Nb6 Rd8 17. Nxd7 Rxd7 {½-½ (31) Tober,G (2205)-Karner,C (2155) Aschach 1997}) 11. Ba4 {Black has an edge.} Qc7 12. Nbd2 h6 13. Nf1 Be6 14. g4 (14. Ne3 $11) 14... b5 $15 {[%cal Bb7b5,Bb5b4][%mdl 32]} 15. Bc2 Qd7 16. Ng3 Rad8 17. a4 b4 18. Nh4 (18. Be3 $11 {keeps the balance.}) 18... d5 (18... Qe7 $17 {Threatens to win with ...Nxe4!} 19. Nf3 d5) 19. Qe2 (19. Nhf5 $1 $11 {remains equal.}) 19... dxe4 ({Better is} 19... Qe7 $17 20. Nf3 dxe4 21. Nxe4 Nd5) 20. dxe4 a5 {[#]} ({Black should try} 20... Qc7 $15) 21. Nhf5 $1 $14 {[%mdl 512]} Kh7 (21... gxf5 22. gxf5) 22. Nxg7 Kxg7 23. Qe3 Rh8 24. Qxc5 Rc8 25. Qe3 h5 26. Nf5+ Kf8 {[#]} 27. Qg5 (27. Rd1 $1 $16 {[%cal Rd1d7]} Qc7 28. g5) 27... Ne8 $11 28. Rd1 Qc7 29. Ne3 hxg4 {White must now prevent ...Rh5.} (29... f6 $5 30. Qh4 $8 g5 $11) 30. hxg4 $2 {[%mdl 8192]} (30. Nd5 $1 $11 {and White is okay.} Bxd5 31. exd5) 30... Ne7 $2 (30... f6 $19 {is more deadly.} 31. Nd5 fxg5 32. Nxc7 Rxc7 33. Bxg5 Rch7) 31. Nd5 Bxd5 $1 32. exd5 f6 ({Black should play} 32... bxc3 $17 {Hoping for ...f6.} 33. b3 f6) 33. d6 (33. Qe3 $15) 33... Qb7 $40 {[%csl Gb7][%cal Rh8h1][%mdl 128] [#] Black is out for blood.} (33... fxg5 $2 {loses.} 34. dxc7 bxc3 35. Bxg5 $16 (35. bxc3 Rh3 $16)) 34. dxe7+ $4 {[%mdl 8192]} (34. Qh6+ $1 $17 {[%mdl 512]} Rxh6 35. Bxh6+ Kg8 36. dxe7) 34... Kxe7 {[%csl Gb7][%cal Rh8h1] Black is clearly winning.} 35. Qh6 Rxh6 36. Bxh6 Qf3 37. Rd3 Qe2 38. Rc1 g5 {aiming for ...Rc4.} 39. Kg2 Nd6 40. Bg7 Qxg4+ 41. Rg3 Qf4 42. Re1 Qd2 {[%mdl 64] Double Attack} 43. Bxf6+ Kxf6 44. Rd1 Qxc2 {[%mdl 64] Double Attack} 45. Rxd6+ Ke7 46. Rd5 {Accuracy: White = 28%, Black = 43%.} 0-1

[Event "Hector S Nazzari Memorial 2019"]
[Site "Montevideo"]
[Date "2019.10.19"]
[Round "6.10"]
[White "Avedisian, Alexander"]
[Black "Granara Barreto, Sebastian"]
[Result "0-1"]
[WhiteElo "1877"]
[BlackElo "2134"]
[Annotator "RC"]
[PlyCount "68"]
[EventDate "2019.10.14"]
[EventType "swiss"]
[EventCountry "URU"]
[SourceTitle "playchess.com"]
[Source "ChessBase"]
[SourceQuality "1"]
[TimeControl "5400+30"]

1. g3 {[%emt 0:03:14]} e5 {[%emt 0:00:34]} 2. c4 {[%emt 0:00:07]} Nf6 {[%emt 0:00:05]} 3. Bg2 {[%emt 0:00:07]} d5 {[%emt 0:00:06]} 4. cxd5 {[%emt 0:00:06]} Nxd5 {[%emt 0:00:04]} 5. Nc3 {[%emt 0:00:12]} Nb6 {[%emt 0:00:04]} 6. a3 {[%emt 0:00:14]} Be7 {[%emt 0:00:11]} 7. Nh3 {[%emt 0:00:13]} Nc6 {[%emt 0:01:08]} 8. O-O {[%emt 0:00:30]} Be6 {[%emt 0:03:05]} 9. d3 {[%emt 0:00:10]} h6 {[%emt 0:00:59]} 10. f4 {[%emt 0:00:39]} Qd7 {[%emt 0:04:25]} 11. Nf2 {[%emt 0:01:02]} O-O-O {[%emt 0:00:41]} 12. b4 {[%emt 0:05:19]} exf4 {[%emt 0:02:29]} 13. Bxf4 {[%emt 0:00:22]} g5 {[%emt 0:05:38]} 14. Be3 {[%emt 0:03:37]} f5 {[%emt 0:00:14]} 15. Bxb6 {[%emt 0:02:47]} cxb6 {[%emt 0:03:35]} 16. Qa4 {[%emt 0:01:04]} Kb8 {[%emt 0:00:29]} 17. Rac1 {[%emt 0:08:37]} Nd4 {[%emt 0:07:31]} 18. Qd1 {[%emt 0:01:47]} g4 {[%emt 0:05:55]} 19. e3 {[%emt 0:11:37]} Bb3 {[%emt 0:07:52]} 20. Qe1 {[%emt 0:00:21]} Nf3+ {[%emt 0:02:28]} 21. Bxf3 {[%emt 0:00:10]} gxf3 {[%emt 0:00:03]} 22. Nb1 {[%emt 0:04:26]} Bg5 {[%emt 0:02:30]} 23. Rc3 {[%emt 0:04:14]} Bd5 {[%emt 0:02:59]} 24. Nh3 {[%emt 0:10:12]} f4 {[%emt 0:06:19]} 25. Nxg5 {[%emt 0:02:07]} hxg5 {[%emt 0:00:17]} 26. e4 {[%emt 0:01:14]} Rxh2 {[%emt 0:05:07]} 27. Rf2 {[%emt 0:08:45]} fxg3 {[%emt 0:07:41]} 28. Rxh2 {[%emt 0:00:24]} gxh2+ {[%emt 0:00:04]} 29. Kh1 {[%emt 0:00:27]} Qg4 {[%emt 0:12:35]} 30. Rc2 {[%emt 0:03:02]} f2 {[%emt 0:12:12]} 31. Qxf2 {[%emt 0:07:01]} Bxe4+ {[%emt 0:00:06]} 32. dxe4 {[%emt 0:00:07]} Rd1+ {[%emt 0:00:04]} 33. Kxh2 {[%emt 0:00:22]} Qh5+ {[%emt 0:00:06]} 34. Kg3 {[%emt 0:00:09]} Rd3+ 0-1

[Event "Hector S Nazzari Memorial 2019"]
[Site "Montevideo"]
[Date "2019.10.19"]
[Round "6.11"]
[White "Saralegui, Mario"]
[Black "Vaz Lacuesta, Leonardo"]
[Result "0-1"]
[WhiteElo "2059"]
[BlackElo "2103"]
[Annotator "TA"]
[PlyCount "74"]
[EventDate "2019.10.14"]
[EventType "swiss"]
[EventCountry "URU"]
[SourceTitle "playchess.com"]
[Source "ChessBase"]
[SourceQuality "1"]

{[%evp 12,74,45,23,73,75,62,65,72,61,67,58,65,46,55,12,16,13,103,98,99,103,103,84,84,85,100,71,91,0,-19,-4,-7,-39,-20,-19,-19,-19,-20,-75,-66,-94,-104,-91,-63,-102,-102,-166,-149,-200,-202,-161,-156,-155,-149,-193,-185,-535,-444,-608,-606,-606,-598,-1357,-1327]} 1. d4 Nf6 2. c4 g6 3. Nc3 Bg7 4. e4 d6 5. Be2 O-O 6. Bg5 c6 7. Qd2 Qa5 {E73: King's Indian: Averbakh Variation without 6...c5} (7... a6 8. Nf3 b5 9. a3 bxc4 10. Bxc4 Bg4 11. Be2 Nbd7 12. O-O c5 13. dxc5 Nxc5 14. Qf4 Ne6 15. Qe3 Nxg5 16. Nxg5 Bxe2 17. Qxe2 Qb6 18. Rac1 {0-1 (64) Petursson,M (2487)-Onischuk,V (2626) Tallinn 2019}) 8. Nf3 Bg4 9. O-O Nbd7 {White is slightly better.} 10. a3 c5 $146 ({Predecessor:} 10... Bxf3 11. Bxf3 c5 12. d5 a6 13. Rfb1 Rfc8 14. Be2 Rab8 15. a4 {1-0 (61) Forintos,G (2371)-Ljubicic,F (2397) Split 2001}) 11. d5 a6 12. Rfe1 Bxf3 13. Bxf3 b5 14. Be2 {[%cal Rc4b5]} b4 (14... Rfb8 $11) 15. axb4 $16 Qxb4 16. Ra4 Qb7 17. Rea1 Rfb8 18. R1a2 Qc8 19. h3 Rb4 {[#]} 20. Qe3 (20. R4a3 $1 $16) 20... Nb6 $11 21. Rxb4 cxb4 22. Bxf6 Bxf6 23. Qxb6 bxc3 24. bxc3 Bxc3 25. Rc2 (25. c5 $11 {keeps the balance.} Bd4 26. Bxa6 Qxc5 27. Qxc5 Bxc5 28. Kf1) 25... Be5 $17 26. Bf1 a5 {[%cal Ba6a5,Ba5a4][%mdl 32]} 27. Ra2 Bc3 28. Qe3 Bb4 29. e5 (29. Qb3 $17) 29... a4 30. Bd3 (30. e6 $17) 30... Bc5 $19 31. Qe4 dxe5 32. Qxe5 Qb7 33. Qe4 Qb3 $36 {[%mdl 2048] Black is really pushing.} 34. Ra1 $2 (34. Qe2 {nothing else works.}) 34... Qc3 {Black is clearly winning.} 35. Rb1 a3 {[#] aiming for ...a2.} 36. d6 Ra7 37. Qc6 Bxd6 {Accuracy: White = 28%, Black = 77%.} 0-1

[Event "Hector S Nazzari Memorial 2019"]
[Site "Montevideo"]
[Date "2019.10.19"]
[Round "6.12"]
[White "Belistri, Ubaldo"]
[Black "Soto, Nicolas"]
[Result "1/2-1/2"]
[WhiteElo "1853"]
[BlackElo "2013"]
[Annotator "NA RC"]
[PlyCount "84"]
[EventDate "2019.10.14"]
[EventType "swiss"]
[EventCountry "URU"]
[SourceTitle "playchess.com"]
[Source "ChessBase"]
[SourceQuality "1"]
[TimeControl "5400+30"]

1. Nf3 {[%emt 0:00:00]} d5 {[%emt 0:00:26]} 2. c4 {[%emt 0:00:05]} c6 {[%emt 0:00:40]} 3. b3 {[%emt 0:02:00]} Bf5 {[%emt 0:02:17]} 4. Bb2 {[%emt 0:01:09]} Nd7 {[%emt 0:00:56]} 5. g3 {[%emt 0:01:24]} Ngf6 {[%emt 0:00:33]} 6. Bg2 {[%emt 0:00:10]} h6 {[%emt 0:04:53]} 7. O-O {[%emt 0:01:16]} e6 {[%emt 0:00:09]} 8. d3 {[%emt 0:04:34]} Be7 {[%emt 0:01:25]} 9. Nbd2 {[%emt 0:00:20]} O-O {[%emt 0:00:25]} 10. Rc1 {[%emt 0:01:07]} Qa5 {[%emt 0:07:42] A12: English Opening: 1...c6 with b3 by White} (10... a5 11. a3 Bg6 12. Rc2 b5 13. Nd4 Qb6 14. cxb5 c5 15. Nc6 Bd6 16. a4 Rfe8 17. e4 Qc7 18. Qe2 Bh5 19. Bf3 Bxf3 20. Nxf3 {1-0 (43) Howell,D (2676)-Krishna,C (2421) London 2017}) 11. a3 {[%emt 0:06:33]} Qb6 $146 {[%emt 0:06:46]} ({Predecessor:} 11... Rfc8 12. Qc2 Qd8 13. Qb1 a5 14. Qa1 Bg6 15. Rfe1 Bh7 16. Ne5 Nxe5 17. Bxe5 Qf8 18. Bb2 {½-½ (53) Vukovic,I (2034)-Mrkonjic,N (2345) Bosnjaci 2018}) 12. Qc2 {[%emt 0:03:07]} Rfd8 {[%emt 0:04:09]} 13. h3 Bh7 {[%emt 0:04:12]} 14. Qc3 {[%emt 0:17:25]} Nh5 {[%emt 0:06:12]} 15. Kh2 {[%emt 0:01:24]} Bf6 {[%emt 0:00:11]} 16. Qc2 {[%emt 0:01:55]} Bxb2 {[%emt 0:04:19]} 17. Qxb2 {[%emt 0:00:03]} Rac8 {[%emt 0:00:45]} 18. Qc3 {[%emt 0:01:26]} Nhf6 {[%emt 0:00:59]} 19. b4 {[%emt 0:05:16]} a6 {[%emt 0:00:54]} 20. e3 {[%emt 0:02:54]} Re8 {[%emt 0:01:02]} 21. c5 {[%emt 0:14:29]} Qc7 {[%emt 0:00:42]} 22. d4 {[%emt 0:00:12]} e5 {[%emt 0:06:13]} 23. Nxe5 {[%emt 0:00:57]} Nxe5 {[%emt 0:00:11]} 24. dxe5 {[%emt 0:00:13]} Qxe5 {[%emt 0:00:06]} 25. Qxe5 {[%emt 0:02:10]} Rxe5 {[%emt 0:00:03]} 26. Nf3 {[%emt 0:01:27]} Re7 {[%emt 0:00:14]} 27. Nd4 {[%emt 0:00:09]} Rce8 {[%emt 0:01:29]} 28. Rc3 {[%emt 0:01:36]} Ne4 {[%emt 0:01:53]} 29. Bxe4 {[%emt 0:00:19]} Rxe4 {[%emt 0:01:29]} 30. a4 {[%emt 0:01:16]} g5 {[%emt 0:01:41]} 31. b5 {[%emt 0:00:23]} axb5 {[%emt 0:07:45]} 32. axb5 {[%emt 0:00:02]} cxb5 {[%emt 0:00:54]} 33. Nxb5 {[%emt 0:00:04]} Rb4 {[%emt 0:00:07]} 34. Nd4 {[%emt 0:01:28]} Ra8 35. Kg1 {[%emt 0:04:06]} Rc4 {[%emt 0:04:19]} 36. Rfc1 {[%emt 0:00:59]} Be4 {[%emt 0:04:27]} 37. f3 Bd3 38. g4 {[%emt 0:06:41]} Rc8 {[%emt 0:04:53]} 39. Nb3 {[%emt 0:02:14]} Rxc3 {[%emt 0:00:55]} 40. Rxc3 {[%emt 0:00:04]} Bc4 $11 {[%emt 0:01:40]} 41. Kf2 {[%emt 0:00:32]} Ra8 {[%emt 0:00:28]} 42. Nd4 {[%emt 0:00:58]} Ra2+ {[%emt 0:05:33]} 1/2-1/2

[Event "Hector S Nazzari Memorial 2019"]
[Site "Montevideo"]
[Date "2019.10.20"]
[Round "7.1"]
[White "Vitoux, Colomban"]
[Black "Coppola, Claudio"]
[Result "0-1"]
[WhiteElo "2381"]
[BlackElo "2270"]
[Annotator "TA"]
[PlyCount "86"]
[EventDate "2019.10.14"]
[EventType "swiss"]
[EventCountry "URU"]
[SourceTitle "playchess.com"]
[Source "ChessBase"]
[SourceQuality "1"]

{[%evp 9,86,28,33,33,81,89,75,63,75,41,64,53,54,66,69,58,68,42,43,5,55,4,0,-1,122,126,111,126,117,123,154,75,93,94,68,36,58,13,17,17,32,34,46,58,42,6,160,0,0,0,0,0,41,44,53,52,63,0,36,-30,-28,-87,-47,-308,-308,-457,-443,-458,-424,-429,-368,-506,-510,-536,-536,-544,-409,-577,-569]} 1. c4 b6 2. e4 Bb7 3. Nc3 e6 4. d4 Bb4 5. f3 Bxc3+ (5... f5 6. exf5 Nh6 7. Bf4 Nxf5 8. Nge2 O-O 9. Qd3 Nc6 10. d5 Nce7 11. dxe6 dxe6 12. O-O-O Ng6 13. Qxd8 Raxd8 14. Rxd8 Rxd8 15. Bxc7 {0-1 (54) Gelfand,B (2686)-Kramnik,V (2753) Amsterdam 2019}) 6. bxc3 {A40: Unusual replies to 1 d4} f5 7. exf5 exf5 8. Bd3 {White is better.} Qh4+ 9. Kf1 (9. g3 $5 {[%cal Rg3h4]} Qh5 10. Kf1 $16) 9... Ne7 10. Nh3 h6 $146 ({Predecessor:} 10... Nbc6 11. Qe1 Qxe1+ 12. Kxe1 O-O 13. Bf4 {1-0 (54) Pastana,R (1887)-Deus Filho,J (1976) Sao Bernardo do Campo 2014}) 11. Bf4 d6 12. Qe2 Qf6 13. Re1 $36 {[%mdl 2048] White has the initiative.} g5 14. Be3 {With the idea d5.} f4 15. Bxf4 ({Better is} 15. Bg1 $14) 15... gxf4 $11 {[#]} 16. Nxf4 $1 {[%mdl 512]} Nbc6 (16... Nd7 $11) (16... Qxf4 17. Qxe7#) 17. Nd5 $16 {[%mdl 64] Double Attack} Qg7 18. Nxc7+ {[%mdl 64] Double Attack} Kd7 19. Nxa8 Rxa8 20. h4 (20. a4 $142) 20... Rf8 21. Rh3 Kc7 22. Kg1 Bc8 23. Rh2 h5 24. Qe3 Bf5 25. Bxf5 Nxf5 26. Qg5 Qf7 27. g4 (27. c5 $5) 27... Qxc4 $2 ({Black should try} 27... Nfe7 $1 $11) 28. Rg2 $2 ({Don't go for} 28. gxf5 $2 Rg8 $19) ({White has to play} 28. Rhe2 $16) 28... hxg4 29. fxg4 Qxc3 30. Rc1 Qe3+ 31. Qxe3 Nxe3 32. Rg3 Nd5 33. g5 (33. h5 $1 $14) 33... Nf4 {...Ne2+ is the strong threat.} 34. Re3 (34. Rf3 $14 Kd7 35. Rd1) 34... Kd7 $11 35. Rce1 (35. Kh2 $11 {remains equal.}) 35... Nxd4 {aiming for ...Nd5.} 36. Re7+ $2 {[%mdl 8192] [#]} (36. Rf1 $1 $15) 36... Kd8 $1 $19 {White must now prevent ...Nf3+.} 37. R7e3 (37. Rxa7 $142 Nf3+ {[%mdl 64] Double Attack} 38. Kf1 Nxe1 39. Kxe1) 37... Nc2 38. Kh2 Nxe1 39. Rxe1 Re8 40. Rf1 Re4 41. Kg3 Nh5+ 42. Kh3 d5 43. Rf5 (43. Rf8+ $142 Ke7 44. Rh8) 43... Ke7 {Accuracy: White = 34%, Black = 53%.} 0-1

[Event "Hector S Nazzari Memorial 2019"]
[Site "Montevideo"]
[Date "2019.10.20"]
[Round "7.3"]
[White "Diaz Hollemaert, Nahuel"]
[Black "Lopez Azambuja, Nicolas"]
[Result "1-0"]
[WhiteElo "2439"]
[BlackElo "2318"]
[Annotator "TA"]
[PlyCount "59"]
[EventDate "2019.10.14"]
[EventType "swiss"]
[EventCountry "URU"]
[SourceTitle "playchess.com"]
[Source "ChessBase"]
[SourceQuality "1"]

{[%evp 11,59,8,12,4,7,2,15,16,38,0,0,0,0,0,39,37,47,47,75,68,128,122,156,142,142,110,107,79,150,148,177,123,148,101,102,97,104,97,168,93,114,110,202,186,204,93,504,305,970,950]} 1. c4 Nf6 2. Nc3 e6 3. Nf3 d5 4. e3 Be7 5. b3 O-O 6. Bb2 b6 7. cxd5 {A13: English Opening: 1...e6} Nxd5 (7... exd5 8. d4 Bb7 9. Bd3 Nbd7 10. O-O a6 11. Ne2 Bd6 12. Ng3 g6 13. Ne5 Qe7 14. f4 Ne4 15. Bxe4 dxe4 16. Nxd7 Qxd7 17. d5 Be7 18. f5 f6 19. fxg6 hxg6 20. Nxe4 Qxd5 21. Qxd5+ Bxd5 22. Nxf6+ Bxf6 23. Bxf6 {½-½ (43) Shankland,S (2713)-Vidit,S (2703) Biel 2019}) 8. Nxd5 Qxd5 9. Qc2 {The position is equal.} Na6 10. Bc4 Qh5 11. Ne5 Bb7 12. h4 $146 ({Predecessor:} 12. Be2 Qg5 13. Nc6 Bc5 14. O-O-O Nb4 15. Nxb4 Bxb4 {1-0 (87) Ladva,O (2497)-Maatman,N (2363) Groningen 2018}) 12... f6 ({Avoid the trap} 12... Bxh4 $2 13. Be2 $18) 13. Bxe6+ Kh8 14. Bg4 $36 {[%mdl 2048] White fights for an advantage.} Qh6 15. Bf3 Bxf3 (15... fxe5 $14 16. Bxb7 Nb4) 16. Nxf3 $16 Nb4 17. Qf5 Rad8 {[#] aiming for ...Nd3+.} 18. O-O Nd3 19. Bd4 Nb4 (19... Qg6 $142 20. Qxg6 hxg6) 20. a3 Nc6 21. Bb2 (21. Rac1 $18 Nxd4 22. Nxd4) 21... Bd6 22. d4 Ne7 23. Qg4 Nd5 24. e4 Nf4 {[#]} (24... f5 $16 25. exf5 Qf4 26. Qxf4 Nxf4) 25. Rad1 ({White should play} 25. g3 $1 $18) 25... Rde8 26. e5 fxe5 (26... Be7 $16 27. g3 Nd5) 27. dxe5 $18 Bc5 28. Ng5 (28. Rd7 $18) 28... Ng6 $2 {[%mdl 8192]} (28... Qg6 $16 {is more resistant.}) 29. Rd7 Rxe5 $2 (29... Qxh4 30. Qxh4 Nxh4) 30. Nf7+ {Accuracy: White = 55%, Black = 22%.} 1-0

[Event "Hector S Nazzari Memorial 2019"]
[Site "Montevideo"]
[Date "2019.10.20"]
[Round "7.4"]
[White "Carbone, Diego"]
[Black "Gomez Troccoli, Martin"]
[Result "1-0"]
[WhiteElo "2233"]
[BlackElo "1961"]
[Annotator "TA"]
[PlyCount "51"]
[EventDate "2019.10.14"]
[EventType "swiss"]
[EventCountry "URU"]
[SourceTitle "playchess.com"]
[Source "ChessBase"]
[SourceQuality "1"]

{[%evp 11,51,27,37,15,62,62,63,64,124,117,124,97,110,106,116,107,124,108,199,185,146,77,87,0,0,0,220,211,316,0,0,0,552,548,524,481,529,521,910,873,1051,1010]} 1. Nf3 Nf6 2. g3 d5 3. Bg2 e6 4. d4 Bd6 5. c4 c6 6. O-O Nbd7 7. Nfd2 {E01: Catalan: Early deviations} h5 (7... e5 8. cxd5 cxd5 9. dxe5 Nxe5 10. Nc3 Be6 11. Qa4+ Nc6 12. e4 d4 13. Nd5 O-O 14. Nb3 d3 {½-½ (26) Grischuk,A (2761)-Radjabov,T (2784) Moscow 2012}) 8. Nc3 h4 9. e4 {White is slightly better.} e5 $146 ({Black should play} 9... Nxe4 $14 10. Ndxe4 (10. Ncxe4 dxe4 11. Nxe4 Be7 $14) 10... dxe4) ({Predecessor:} 9... dxe4 10. Ndxe4 Be7 11. Re1 Nxe4 12. Nxe4 hxg3 13. hxg3 Nb6 14. b3 f5 {1-0 (45) Hoolt,S (2355)-Aleksandrova,A (1801) Batumi 2018}) 10. exd5 exd4 11. Re1+ Kf8 12. Nde4 hxg3 13. hxg3 Be5 14. Nxf6 Qxf6 (14... Bxf6 $16 {might work better.} 15. Ne4 (15. dxc6 bxc6 16. Ne4 Ne5 $14) 15... cxd5 16. cxd5 Ne5) 15. Ne4 $18 Qg6 16. f4 (16. Qf3 $142) 16... Bc7 {next ...cxd5 is good for Black.} 17. d6 (17. b3 $16) 17... Bb6 $11 18. b4 {[%cal Bb2b4,Bb4c5,Bc5c6][%mdl 32] Strongly threatening c5.} c5 $2 {[#]} (18... Nf6 $11 {and Black stays safe.} 19. Ng5 (19. Nxf6 gxf6 20. Qf3 Bg4 $11) 19... Bg4) 19. Ba3 $1 $18 {[%cal Rb4c5]} Nf6 (19... cxb4 $142 20. Bxb4 Kg8) 20. d7 $2 $40 {[%mdl 128] White mounts an attack.} (20. Nxf6 gxf6 21. Qf3 (21. bxc5 Qxg3 22. cxb6 Bg4 $16) 21... Bd7 $16) (20. bxc5 $18 Nxe4 21. cxb6) 20... Bxd7 $11 {...Nxe4 is the strong threat.} 21. bxc5 {Hoping for c6+.} Ba5 $2 {[%mdl 8192]} (21... Nxe4 $11 22. cxb6+ Kg8 23. Rxe4 Qxg3 24. Rxd4 Bc6 25. Rd8+ Rxd8 26. Qxd8+ Kh7) 22. c6+ $1 $18 {White is clearly winning.} Kg8 23. cxd7 Bxe1 24. Nxf6+ {[%mdl 64] [#] Discovered Attack} Qxf6 25. Qxe1 Rd8 26. Be7 {[%mdl 64] Double Attack. Accuracy: White = 54%, Black = 29%.} 1-0